| Tag |
First Indicator |
Second Indicator |
Subfields |
| LEADER |
00000cam a22000008a 4500 |
| 001 |
in00000029276 |
| 005 |
20151007060151.0 |
| 008 |
871005s1988 nyuaf b 00110beng |
| 010 |
|
|
|a 87046034
|
| 020 |
|
|
|a 1556110537 (alk. paper) :
|c $18.95
|
| 035 |
|
|
|a (OCoLC)16925449
|
| 035 |
|
|
|9 AAC0198AM
|
| 040 |
|
|
|a DLC
|c DLC
|d OCL
|d TXA
|d UtOrBLW
|
| 043 |
|
|
|a n-us---
|a a-ir---
|
| 049 |
|
|
|a TXAM
|c [A10938498]
|a TXAS [mil]
|
| 050 |
0 |
0 |
|a VE25.N67
|b B76 1988
|
| 082 |
0 |
|
|a 359.9/6/0924
|a B
|2 19
|
| 100 |
1 |
|
|a Bradlee, Benjamin C.
|
| 245 |
1 |
0 |
|a Guts and glory :
|b the rise and fall of Oliver North /
|c by Ben Bradlee, Jr.
|
| 264 |
|
1 |
|a New York :
|b D.I. Fine,
|c [1988]
|
| 264 |
|
4 |
|c ©1988
|
| 300 |
|
|
|a xii, 572 pages, 24 unnumbered pages of plates :
|b illustrations
|
| 336 |
|
|
|a text
|b txt
|2 rdacontent
|
| 337 |
|
|
|a unmediated
|b n
|2 rdamedia
|
| 338 |
|
|
|a volume
|b nc
|2 rdacarrier
|
| 504 |
|
|
|a Bibliography: pages 560-561.
|
| 500 |
|
|
|a Includes index.
|
| 600 |
1 |
0 |
|a North, Oliver.
|
| 650 |
|
0 |
|a Marines
|z United States
|v Biography.
|
| 610 |
1 |
0 |
|a United States.
|b Marine Corps
|x Biography.
|
| 650 |
|
0 |
|a Iran-Contra Affair, 1985-1990.
|
| 999 |
|
|
|a MARS
|
| 999 |
f |
f |
|s 71663597-5b87-370d-a796-1ae1cd8b6e4d
|i 224f17fa-aba9-3055-8bd5-2468f28be769
|t 0
|
| 952 |
f |
f |
|p noncirc
|a Texas A&M University
|b College Station
|c Cushing Memorial Library & Archives
|s cush mil
|d Cushing: Ragan Military (Does not check out)
|t 0
|e VE25.N67 B76 1988
|h Library of Congress classification
|i unmediated -- volume
|
| 952 |
f |
f |
|p ric
|a Texas A&M University
|b Rellis Campus
|c Joint Library Facility
|s JLF
|d Remote Storage
|t 0
|e VE25.N67 B76 1988
|h Library of Congress classification
|i unmediated -- volume
|m A14810938498
|
| 998 |
f |
f |
|a VE25.N67 B76 1988
|t 0
|l Remote Storage
|
| 998 |
f |
f |
|a VE25.N67 B76 1988
|t 0
|l Cushing: Ragan Military (Does not check out)
|